00750nam a2200217Ii 45000010005000000030009000050080041000140400033000550410008000880820017000961000021001132450035001342640059001693000012002283360026002403370028002663380027002949400050003219990017003719520144003888846CO-ViMGA241108s9999||||xx |||||||||||||| ||und|| aCO-ViMGAbspaerdacCO-ViMGA0 aunk04a330.124-G2161 aAntonio García10aBases de economía política 1a[Lugar de publicación no identificado] : Temis, 1981 avolumen atextbtxt2rdacontent aunmediatedbn2rdamedia avolumebnc2rdacarrier aidficha_siabuc: 8647. -- ficha_no_siabuc:8846 c50236d50236 001040708001aMEVIGERRbMEVIGERRcGENd2006-11-27hVol.1o330.124-G216pECA9235r2024-11-26 10:01:44tEj.1w2024-11-26yBKz8647 | 12098